| 000 | 00644nam a2200217Ia 4500 | ||
|---|---|---|---|
| 003 | IN-BaIIA | ||
| 008 | 211028s9999 xx 000 0 eng d | ||
| 040 | _cIIA Library | ||
| 080 |
_a681.3 _bKOR |
||
| 100 |
_aKorn, Granino A. _94369 |
||
| 245 | 0 |
_aElectronic analog and hybrid computers _cGranino A. Korn and T.M. Korn |
|
| 250 | _a2nd rev. ed. | ||
| 260 |
_aNew York _bMcGraw-Hill _c1972 |
||
| 300 | _axxii, 584p. | ||
| 650 |
_aAnalog computers _94147 |
||
| 650 |
_aComputers _92283 |
||
| 650 | _aDigital computers | ||
| 650 | _aNASA Thesaurus | ||
| 700 |
_aKorn, Theresa M. _94370 |
||
| 942 | _cBK | ||
| 999 |
_c2447 _d2447 |
||